000 00397nam a2200121Ia 4500
008 220216s9999 xx 000 0 und d
100 _aHarris J A
245 0 _aDesign principles for vibration isolation and damping with elastomers including nonlinearity (1989 short reviews)
260 _bRubber Chemistry and Technology
_c1989
300 _a515-528
650 _a1989 short reviews
942 _cJS
999 _c56829
_d56829